000
00257nam a22000977a 4500
005
20250901165240.0
008
210226b ||||| |||| 00| 0 eng d
050
_a
QC21 .S65
245
_a
Elements of physics
_c
SMITH, ALPHEUS W.
942
_2
lcc
_h
QC21 .S65
999
_c
980
_d
980